Pays membres de l'ONU par ordre d'admission - Statistiques

Statistiques générales
  • Ce quiz a été pris 196 fois
  • Le résultat moyen est 29 sur 49
Statistiques - réponses
Date d'admission États membres % Correct
24-10-1945 France
99%
24-10-1945 États-Unis
94%
09-11-1945 Canada
87%
24-10-1945 Chine
86%
24-10-1945 Royaume-Uni
81%
24-10-1945 Russie
79%
24-10-1945 Brésil
76%
24-10-1945 Argentine
74%
01-11-1945 Australie
73%
07-11-1945 Mexique
73%
27-12-1945 Belgique
69%
30-10-1945 Inde
68%
24-10-1945 Chili
67%
05-11-1945 Colombie
66%
27-11-1945 Norvège
66%
07-11-1945 Afrique du Sud
65%
31-10-1945 Pérou
64%
24-10-1945 Pologne
64%
24-10-1945 Turquie
62%
13-11-1945 Panama
61%
18-12-1945 Uruguay
61%
15-11-1945 Venezuela
61%
14-11-1945 Bolivie
59%
21-12-1945 Équateur
59%
25-10-1945 Grèce
59%
24-10-1945 Nouvelle-Zélande
59%
24-10-1945 Paraguay
59%
10-12-1945 Pays-Bas
59%
24-10-1945 Égypte
58%
24-10-1945 Iran
57%
24-10-1945 Cuba
56%
24-10-1945 Danemark
56%
24-10-1945 Luxembourg
56%
24-10-1945 Arabie Saoudite
54%
02-11-1945 Costa Rica
54%
17-12-1945 Honduras
52%
21-12-1945 Irak
52%
21-11-1945 Guatemala
50%
24-10-1945 Nicaragua
50%
24-10-1945 Salvador
49%
24-10-1945 Haïti
45%
24-10-1945 Syrie
40%
24-10-1945 Liban
39%
24-10-1945 République dominicaine
39%
24-10-1945 Ukraine
38%
13-11-1945 Éthiopie
35%
24-10-1945 Philippines
29%
24-10-1945 Biélorussie
25%
02-11-1945 Libéria
23%
Aucun quiz correspondant
Distribution des résultats
% des personnes avec chaque résultat
Percentile par nombre de réponses
Votre historique - résultats
Vous n’avez pas pris ce quiz